Statistics for US Presidents in Order

Click here to take the quiz!

General Stats

  • This quiz has been taken 162 times
    (60 since last reset)
  • The average score is 40 of 45

Answer Stats

Term Name % Correct
2001-2009George W. Bush
98%
1993-2001Bill Clinton
98%
2009-2017Barack Obama
98%
1989-1993George H.W. Bush
98%
2017-Donald J. Trump
95%
1961-1963John F. Kennedy
95%
1974-1977Gerald Ford
95%
1977-1981Jimmy Carter
95%
1981-1989Ronald Reagan
95%
1789-1797George Washington
95%
1953-1961Dwight D. Eisenhower
95%
1933-1945Franklin D. Roosevelt
95%
1969-1974Richard Nixon
95%
1963-1969Lyndon B. Johnson
95%
1945-1953Harry Truman
95%
1923-1929Calvin Coolidge
93%
1801-1809Thomas Jefferson
93%
1929-1933Herbert Hoover
93%
1825-1829John Quincy Adams
93%
1797-1801John Adams
93%
1861-1865Abraham Lincoln
93%
1913-1921Woodrow Wilson
90%
1921-1923Warren G. Harding
88%
1817-1825James Monroe
88%
1909-1913William H. Taft
88%
1841-1845John Tyler
85%
1809-1817James Madison
85%
1845-1849James K. Polk
85%
1841William Henry Harrison
85%
1829-1837Andrew Jackson
85%
1881James A. Garfield
83%
1837-1841Martin Van Buren
83%
1849-1850Zachary Taylor
83%
1893-1897Grover Cleveland
83%
1897-1901William McKinley
83%
1901-1909Theodore Roosevelt
83%
1889-1893Benjamin Harrison
80%
1865-1860Andrew Johnson
80%
1877-1881Rutherford B. Hayes
80%
1869-1877Ulysses S. Grant
80%
1881-1885Chester A. Arthur
80%
1850-1853Millard Fillmore
78%
1857-1861James Buchanan
78%
1885-1889Grover Cleveland
78%
1853-1857Franklin Pierce
73%

Score Distribution

Percentile by Number Answered

Percent of People with Each Score

Your Score History

You have not taken this quiz since the last reset